000 00836nam a22001937a 4500
003 OSt
005 20260216164218.0
008 260216b |||||||| |||| 00| 0 eng d
040 _c0
082 _aDPer 796.07 J826 January-October 2023 v. 42 n. 1-4
100 _aPeng, Zhou
_eauthor.
_969781
245 _aEffectiveness of Adventure Education on Health Outcomes Related to Physical, Psychological, and Social Development in Children :
_bA Systematic Review /
_cZhou Peng and Patrick W.C. Lau.
260 _aChampaign, IL ;
_bHuman Kinetics, Inc. ,
_cJuly 2023.
300 _aVolume 42, pages 410-419 :
_billustration ;
_c29 cm.
500 _aJournal of Teaching in Physical Education, vol. 42 no. 3, pages 410-419, July 2023.
700 _aZhou, Peng.
_eauthor.
_952769
700 _aLau, Patrick W.C.
_eauthor.
_969782
942 _2ddc
_cPER
999 _c24342
_d24342